000 nam a22 7a 4500
999 _c19517
_d19517
008 170116b xxu||||| |||| 00| 0 eng d
020 _a9780321724564
050 _aQM25
_b.M286 2012
100 _aMartini,Fredrick
245 _aMartini's atlas of the human body/
_cFrederic Martini and William C Ober
250 _a9th ed.
260 _aSan Francisco :
_bPearson Benjamin Cummings,
_c©2012.
300 _aviii, 151p. :
_bill. ;
650 _aHuman Anatomy
_xAtlases
700 _aOber,William C.
942 _2lcc
_cBOOKS
_hQM 25 .M286 2012